000
00205 a2200097 4500
001
9656
100
_a
Harrington, C
245
_a
Ordinary Level Practical Physics
260
_a
_b
_c
090
_c
7691
_d
7691
942
_a
NUST-CAE
_c
M
_c
34368
999
_c
244729
_d
244729